000 00906nam a22002177a 4500
999 _c10277
_d10277
003 AR-CdUCM
008 190329b ||||| |||| 00| 0 spa d
040 _aMUNICIPALIDAD PROVINCIAL DEL CUSCO
_cBIBLIOTECA MUNICIPAL DEL CUSCO
041 _heng
082 _a372.1 /
_bK65 / 1920
100 _aKnapp, Robert H.
_927044
245 _aOrientación del escolar :
_btécnicas diferenciales y especiales - los tests de vida /
260 _aMadrid :
_bMorata,
_c1920.
300 _a440 páginas ;
_bIlustraciones,
_c21 cm.
505 _aContenido: Técnicas de orientación y consejo -- Orientación de los escolares -- Observación, lista de control y escalas de valoración -- Entrevistas y técnicas sociometricas ...
650 _aOrientación educacional
_927045
650 _aOrientación escolar
_94860
700 _aGonzalvo Mainar, Gonzalo (traductor)
_927046
942 _2ddc
_cLIBROS
945 _aacv